Statistics for Top 10 Countries that Produce the Most Hops

Click here to take the quiz!

General Stats

  • This quiz has been taken 501 times
  • The average score is 5 of 10

Answer Stats

# TonnesCountry% Correct
27.7 kUnited States
98%
11 kChina
91%
27.5 kGermany
88%
1.6 kUnited Kingdom
87%
2.4 kPoland
72%
5.3 kCzech Republic
56%
1.2 kSlovenia
18%
1.7 kAlbania
7%
21 kEthiopia
7%
2 kNorth Korea
4%

Score Distribution

Percentile by Number Answered

Percent of People with Each Score

Your Score History

You have not taken this quiz